01431nam a22003617a 4500003000500000005001700005008004100022010001000063011001000073035001000083040000900093090001000102100004200112245018100154260003900335300002200374502010700396590003700503590004100540590004100581590004100622590004100663590004200704650002800746650003500774650003500809650002700844901000700871942001000878949003600888999001700924952012800941CHAP20220329140306.0971013s1984 r 00010 d a49859 a50831 a54981 cCHAP aTesis00aVillarreal Aragón, Roberto.9119560 aEstudio de factibilidad para el establecimiento de una engorda semi-intensiva de ganado bovino de carne en praderas de rye grass (Lolium perenne) en Guadalupe Victoria, Durango aMonterrey, N.L. :bEl autor,c1984 a91 h.b; gráfs. aTesis (Ing. Agrónomo Esp. en Administración) -- ITESM. Div. de Ciencias Agropecuarias yMarítimas aALEPHb10c20130110lUCH01h1323 aBATCH-UPDb10c20130110lUCH01h0346 aBATCH-UPDb10c20130110lUCH01h1912 aBATCH-UPDb10c20130410lUCH01h0019 aBATCH-UPDb10c20130914lUCH01h1510 aCONVERSIONb10c20130109lUCH01h132714aGanado de carne.94506714aGanado vacunoxDurango.94545614aGanado vacunoxEngorda.94546114aLolium perenne.967505 aBK cTESIS bBCcTESd-120967eTS1i54981si c49859d49859 00102local4051708TESISaBCbBCcPA_TESISd2012-12-17fTESISl0oTesisp-120967r2019-12-31 00:00:00w2019-12-31yTESIS